Fr. Conceicao Rodrigues College of Engineering

Finite element procedures (Record no. 34597)

MARC details
000 -LEADER
fixed length control field 00350nam a2200157Ia 4500
082 ## - DEWEY DECIMAL CLASSIFICATION NUMBER
Classification number 620.0015/BAT
100 ## - MAIN ENTRY--PERSONAL NAME
Personal name Bathe/klaus-jurgen
245 ## - TITLE STATEMENT
Title Finite element procedures
260 ## - PUBLICATION, DISTRIBUTION, ETC.
Name of publisher, distributor, etc. Prentice Hall of India
Place of publication, distribution, etc. New Delhi
Date of publication, distribution, etc. 1996
366 ## - TRADE AVAILABILITY INFORMATION
Publishers's discount category 15
300 ## - PHYSICAL DESCRIPTION
Extent 1037
546 ## - LANGUAGE NOTE
Language note ENGLISH
654 ## - SUBJECT ADDED ENTRY--FACETED TOPICAL TERMS
Focus term finite element
942 ## - ADDED ENTRY ELEMENTS (KOHA)
Koha item type BOOK
Holdings
Withdrawn status Lost status Damaged status Not for loan Collection Home library Current library Shelving location Date acquired Source of acquisition Cost, normal purchase price Inventory number Total Checkouts Full call number Barcode Date last seen Cost, replacement price Price effective from Koha item type
        CRC Fr. Agnel's C.Rodrigues College of Engineering Fr. Agnel's C.Rodrigues College of Engineering   17/03/2023 Chemtech Books Pvt.Ltd. 380.00 4866 dt 28.11.2005   620.0015/BAT 16078 17/03/2023 395.00   BOOK
        CRC Fr. Agnel's C.Rodrigues College of Engineering Fr. Agnel's C.Rodrigues College of Engineering   17/03/2023 Chemtech Books Pvt.Ltd. 380.00     620.0015/BAT 16079 17/03/2023 395.00   BOOK